| 000 | 00671nam a2200217 4500 | ||
|---|---|---|---|
| 001 | 20179 | ||
| 003 | CZ PrNK | ||
| 005 | 20260119110120.0 | ||
| 007 | tu | ||
| 008 | 931215s1980 xo a 0|0 0 slo | ||
| 040 |
_aABA001 _bcze _dABA001 |
||
| 080 |
_a908.437.6(084.1)=854 _2undef |
||
| 100 | 1 |
_aBiel, Miloš _4com |
|
| 245 | 1 | 0 |
_aSlovensko : _bNaša hrdosť a láska / _cZost. Miloš Biel |
| 260 |
_aMartin : _bMatica slovenská, _c1980 |
||
| 300 |
_a95 s. : _bil. ; _c8° |
||
| 490 | 1 | _aMetodika a propagácia. Sér. Metodické príručky a zborníky | |
| 830 | 0 |
_aMetodika a propagácia. _pMetodické príručky a zborníky |
|
| 910 | _aABA001 | ||
| 942 |
_2ddc _cOLDO _n0 |
||
| 999 |
_c20179 _d20179 |
||